The law and practice of the United Nations

Bibliographic Details
Main Author: Conforti, Benedetto (Author)
Format: Book
Language:English
Published: Leiden, Boston : Martinus Nijhoff Publishers , c2005
Edition:3rd rev. ed
Series:Legal aspects of international organization Vol. 42
Subjects:

MARC

LEADER 00000cam a2200000 7i4500
001 0000008402
005 20160322093000.0
008 021119s 2005 na eng
020 |a 9004143084 
050 0 0 |a d47 KZ4986   |b .C66 2005 
090 0 0 |a d47 KZ4986   |b .C66 2005 
100 1 |a Conforti, Benedetto ,   |e author 
245 1 4 |a The law and practice of the United Nations   |c by Benedetto Conforti 
250 |a 3rd rev. ed 
260 2 |a Leiden, Boston :   |b Martinus Nijhoff Publishers ,   |c c2005 
300 |a xvi, 328 p. ;   |c 25 cm. 
440 0 |a Legal aspects of international organization   |v Vol. 42 
504 |a Includes bibliographical references and index 
610 1 0 |a United Nations 
999 |a 1000105822   |b Book   |c Reference   |e Gong Badak Campus